Lodné a dopravné múzeum

Guardado en:
Detalles Bibliográficos
Autor principal: Mosná, Zuzana, 1988- (Autor)
Otros Autores: Šimkovič, Vladimír, 1953- (Orientador)
Formato: Manuscrito Libro
Lenguaje:eslovaco
Publicado: Bratislava 2015
Materias:
Acceso en línea:http://is.stuba.sk/zp/portal_zp.pl?podrobnosti=104071
Etiquetas: Agregar Etiqueta
Sin Etiquetas, Sea el primero en etiquetar este registro!

MARC

LEADER 00000ntm a22000003a 4500
001 stuzp51961
003 SK-STU
005 20210308080037.9
007 ta
008 150427s2015----xo-----f-mn---000-0-slo-d
040 |a STU  |b slo 
041 0 |a slo 
100 1 |a Mosná, Zuzana,  |d 1988-  |u 058180  |4 aut  |U FAD Fakulta architektúry a dizajnu  |U FAD Fakulta architektúry  |T FA Ústav architektúry občianskych budov  |X 49524  |U A8180  |Y 399  |7 A000049524 
242 0 1 |a Museum of Ships and transport  |y eng 
245 1 0 |a Lodné a dopravné múzeum 
260 |c 2015  |a Bratislava 
650 4 |a lodne muzeum  |2 slo 
650 4 |a fluidna architektura  |2 slo 
650 4 |a organicka architektura  |2 slo 
650 4 |a ships museum  |2 eng 
650 4 |a fluid architecture  |2 eng 
650 4 |a organic architecture  |2 eng 
650 4 |a transport museum  |2 eng 
700 1 |a Šimkovič, Vladimír,  |d 1953-  |4 ths  |X 394  |7 A000000394 
856 4 |u http://is.stuba.sk/zp/portal_zp.pl?podrobnosti=104071  |u https://opac.crzp.sk/?fn=detailBiblioForm&sid=A7BD2F096A49022F25CD9137FE46 
SQL |a stuzp51961  |b DDP  |c SLO  |d Lodné a dopravné múzeum  |e 49524  |f Mosná, Zuzana  |g 058180  |h 394  |i Šimkovič, Vladimír  |j 20150604  |k 153  |l 05  |m http://is.stuba.sk/zp/portal_zp.pl?podrobnosti=104071  |n I-ARCH  |o 5.1.1. architektúra a urbanizmus